Copa mundial biodiverso 2018 / (Registro nro. 20353)

Detalles MARC
000 -CABECERA
Campo de control 01612nam a22002897a 4500
005 - FECHA Y HORA DE LA ULTIMA TRANSACCION
Campo de control 20181115160501.0
008 - ELEMENTOS DE LONGITUD FIJA—INFORMACION GENERAL
Campo de control 181115s2018 ck a||||r|||| 00| 0 spa d
040 ## - FUENTE DE CATALOGACIÓN
Agencia catalogadora original CO-BoIAVH
Agencia transcriptora CO-BoIAVH
041 0# - IDIOMA
Código de idioma para texto/pista de sonido o título separado Español
044 ## - PAÍS DE PUBLICACIÓN
País de publicación Colombia
082 04 - NUMERO DE CLASIFICACION DECIMAL DEWEY
Número de clasificación 590.222
Número del ítem H43c
100 1# - ASIENTO PRINCIPAL--NOMBRE PERSONAL
9 (RLIN) 101396
Nombre personal Hernández, Alejandro
Término relacionado textos
245 10 - MENCION DE TITULO
Título Copa mundial biodiverso 2018 /
Mención de responsabilidad textos por Alejandro Hernández y Diana Rengifo ; ilustraciones Giovanni Parrado
250 ## - MENCION DE EDICION
Mención de edición Primera edición
260 ## - PUBLICACION, DISTRIBUCION, ETC. (PIE DE IMPRENTA)
Lugar de publicación, distribución, etc. Bogotá (Colombia) :
Nombre del editor, distribuidor, etc. Instituto de Investigación de Recursos Biológicos Alexander von Humboldt,
Fecha de publicación, distribución, etc. 2018.
300 ## - DESCRIPCION FISICA
Extensión 64 páginas :
Otros detalles físicos ilustraciones a color ;
Dimensiones 22 x 18 cm.
520 #3 - NOTA DE RESUMEN, ETC.
Nota de resumen Después de una larga espera, los fanáticos futboleros reciben con gran emoción la Copa Mundial Biodiverso 2018. En este cuadernillo de colección, hemos reunido la fauna más selecta, representativa y competitiva de la biodiversidad continental de Colombia enfrentándola a un equipo conformado por especies que, aunque llegaron involuntariamente desde diferentes continentes, ahora ocupan de manera permanente algunos estadios de nuestro país.
650 26 - ASIENTO SECUNDARIO DE MATERIA - TERMINO TEMATICO
9 (RLIN) 6102
Término temático o nombre geográfico como elemento de entrada Fauna
Subdivisión geográfica Colombia
Subdivisión de forma Dibujo animado
650 26 - ASIENTO SECUNDARIO DE MATERIA - TERMINO TEMATICO
9 (RLIN) 47127
Término temático o nombre geográfico como elemento de entrada Especies en peligro de extinción
Subdivisión geográfica Colombia
650 26 - ASIENTO SECUNDARIO DE MATERIA - TERMINO TEMATICO
9 (RLIN) 184
Término temático o nombre geográfico como elemento de entrada Ecosistemas
Subdivisión geográfica Colombia
650 26 - ASIENTO SECUNDARIO DE MATERIA - TERMINO TEMATICO
9 (RLIN) 7412
Término temático o nombre geográfico como elemento de entrada Ecología
Subdivisión geográfica Colombia
700 1# - ASIENTO SECUNDARIO - NOMBRE PERSONAL
9 (RLIN) 101397
Nombre personal Rengifo, Diana
Término de relación textos
700 1# - ASIENTO SECUNDARIO - NOMBRE PERSONAL
9 (RLIN) 101398
Nombre personal Parrado, Giovanni
Término de relación ilustraciones
700 1# - ASIENTO SECUNDARIO - NOMBRE PERSONAL
9 (RLIN) 83365
Nombre personal Villegas-Vélez, Felipe
Término de relación fotografía
710 2# - ASIENTO SECUNDARIO - NOMBRE CORPORATIVO
9 (RLIN) 204
Nombre corporativo o de jurisdicción como elemento de entrada Instituto de Investigación de Recursos Biológicos Alexander von Humboldt
942 ## - ELEMENTOS ADICIONALES (KOHA)
Sistema de clasificación Dewey Decimal Classification
Tipo de ítem Libro
Existencias
Withdrawn status Lost status Sistema de Clasificación Damaged status No para préstamo Colección Inventariado Ubicación Permanente Ubicación actual Fecha de adquisición Total Checkouts Número topográfico Inventario / Código de Barras Date last seen Ejemplar Price effective from Forma de adquisición Tipo de material
    Dewey Decimal Classification     Humboldt Inventariado 2018 Bogotá Bogotá 15/11/2018   IAVH-590.222 H43c 030198 15/11/2018 Ej. 1 15/11/2018 Institucional Libro
    Dewey Decimal Classification     Humboldt Inventariado 2018 Bogotá Bogotá 15/11/2018   IAVH-590.222 H43c 030364 15/11/2018 Ej. 2 15/11/2018 Institucional Libro
    Dewey Decimal Classification     Humboldt Inventariado 2018 Sala Fabio Quevedo Sala Fabio Quevedo 15/11/2018   IAVH-590.222 H43c 030365 15/11/2018 Ej. 3 15/11/2018 Institucional Libro
    Dewey Decimal Classification     Humboldt Inventariado 2018 Villa de Leyva Villa de Leyva 15/11/2018   IAVH-590.222 H43c 030222 15/11/2018 Ej. 4 15/11/2018 Institucional Libro